000
00278nam a22001097a 4500
999
_c
4104
_d
4104
008
250121b ||||| |||| 00| 0 eng d
020
_a
9780008520892
082
_a
612 RON
100
_a
DR RONX
_e
DR RONX
245
_a
AMAZING BODIES
942
_2
ddc
_h
612 RON